BIBLIOTECA

SENCICO

Gerencia de equipos para obras civiles y minería / (Registro nro. 5109)

Detalles MARC
000 -LEADER
fixed length control field 01370nam a22002777a 4500
003 - CONTROL NUMBER IDENTIFIER
control field PE SENCICO BE
005 - DATE AND TIME OF LATEST TRANSACTION
control field 20251020182712.0
008 - FIXED-LENGTH DATA ELEMENTS--GENERAL INFORMATION
fixed length control field 250225b |||||||| |||| 00| 0 eng d
020 ## - INTERNATIONAL STANDARD BOOK NUMBER
International Standard Book Number 958-9247-21-0
040 ## - CATALOGING SOURCE
Original cataloging agency PE SENCICO BE
Transcribing agency PE SENCICO BE
041 ## - LANGUAGE CODE
Language code of text/sound track or separate title spa
082 ## - DEWEY DECIMAL CLASSIFICATION NUMBER
Classification number 620.11
Item number S66
100 1# - MAIN ENTRY--PERSONAL NAME
9 (RLIN) 2950
Personal name Solanilla B., Jorge H.
Relator term autor
245 1# - TITLE STATEMENT
Title Gerencia de equipos para obras civiles y minería /
Statement of responsibility, etc. Jorge H. Solanilla B
250 ## - EDITION STATEMENT
Edition statement 1a ed.
260 ## - PUBLICATION, DISTRIBUTION, ETC.
Place of publication, distribution, etc. Bogotá :
Name of publisher, distributor, etc. Bhandir editores ;
Date of publication, distribution, etc. 2003
300 ## - PHYSICAL DESCRIPTION
Extent 363 páginas :
Other physical details tablas ;
Dimensions 23 cm.
440 ## - SERIES STATEMENT/ADDED ENTRY--TITLE
9 (RLIN) 2952
Title Biblioteca de la construcción
505 0# - FORMATTED CONTENTS NOTE
Formatted contents note Generalidades y usos -- Productividad -- Costos
520 3# - SUMMARY, ETC.
Summary, etc. El objeto de este texto es dar un apoyo estimativo y práctico a ingenieros civiles, mecánicos de minas de vías, profesores y estudiantes de ingenieria y en general a todas las personas involucradas en la gerencia, administración, dirección, desarrollo de proyectos y control de maquinaria para obras civiles y mineria. También para crear y mantener una disciplina y hábito de trabajo mas eficiente en el momento de presupuestar y controlar proyectos que involucren estos equipos.
650 10 - SUBJECT ADDED ENTRY--TOPICAL TERM
9 (RLIN) 587
Topical term or geographic name entry element Equipos de construcción
650 20 - SUBJECT ADDED ENTRY--TOPICAL TERM
9 (RLIN) 417
Topical term or geographic name entry element Industria de la construcción
650 20 - SUBJECT ADDED ENTRY--TOPICAL TERM
9 (RLIN) 2951
Topical term or geographic name entry element Industrias minerales
910 ## - USER-OPTION DATA (OCLC)
User-option data hfp
-- hfp
-- hfp
942 ## - ADDED ENTRY ELEMENTS (KOHA)
Source of classification or shelving scheme Dewey Decimal Classification
Koha item type Libros
Existencias
Fecha de la última vez que lo usaron Pago total Signatura topográfica completa Código de barras Precio efectivo desde Tipo de documento Estado perdido Sistema de clasificación Estado dañado No es para préstamo Retirado Ubicación permanente Ubicación actual Fecha de adquisición Fuente de adquisición
25/02/2025   620.11/S66 BibLima25020025 25/02/2025 Libros   Dewey Decimal Classification       Biblioteca Central Lima Biblioteca Central Lima 26/02/2025 Donación del Sr. André Maguiña Ballón